Responses for Show #8565 - Friday, January 28, 2022

Contestants

[<< previous game]

Jay Foster, an engineer from Rancho Palos Verdes, California

Kirsten Greenwell, a communications associate from Washington, D.C.

Carrie Cadwallader, a business intelligence manager from Aurora, Colorado (whose 1-day cash winnings total $7,500)

[next game >>]

Jeopardy! Round responses

IT HAPPENED IN EUROPE
SCIENCE & NATURE
FASHION
WORD ORIGINS
AMERICANA
DAD TV
(Ken: You'll have to name the TV show in question.)
    $200 2
the Gutenberg Bible

Kirsten
    $200 1
methane

Kirsten
    $200 15
white

Carrie
    $200 8
galaxy

Carrie
    $200 9
(Carrie: What is an alligator?)

a crocodile

CarrieJay
    $200 22
Seinfeld

Kirsten
    $400 3
(Kirsten: What is Provence?)

Gaul

CarrieKirsten
    $1,000 4
Sir Isaac Newton

Carrie
    $400 19
argyle

Kirsten
    $400 10
concord

Triple Stumper
    $400 14
butter

Kirsten
    $400 23
Home Improvement

Kirsten
    $600 28
the Industrial Revolution

Jay
    $600 5
silkworms

Carrie
    $600 20
a maxi dress

Carrie
    $600 11
hijab

Jay
    $600 16
the YWCA

Carrie
    $600 24
(Ken: Less than a minute to go.)

Little House on the Prairie

Carrie
    $800 29
(Kirsten: What is V-E Day?)
...
[The end-of-round signal sounds.]

the liberation of Rome

Kirsten
Triple Stumper
    $800 6
quarks

Carrie
    $800 21
a mandarin collar

Triple Stumper
    $800 12
(Jay: What is Rottweiler?)

a hamster

Jay
Triple Stumper
    $800 17
Paramount

Carrie
    $800 25
(Ken: He's Archie Andrews's dad on [*].)

Riverdale

Triple Stumper
    $1000 7
metabolism

Carrie
    $1000 27
seersucker

Carrie
    $1000 13
(Carrie: What is providence?)
[Initially accepted as correct; reversed after the break.]

provenance

Carrie
Triple Stumper
    $1000 18
the Hudson Valley

Kirsten
    $1000 26
Family Matters

Triple Stumper

Scores at the first commercial break (after clue 15):

Carrie Kirsten Jay
$3,000 $400 $0

Scores at the end of the Jeopardy! Round:

Carrie Kirsten Jay
$6,600 $1,600 $600

Double Jeopardy! Round responses

RHYMING AMERICAN ROAD TRIP
(Ken: You'll need to give us both the starting and ending points which will rhyme.)
BIBLICAL PROPHETS
ONE-SYLLABLE ADJECTIVES
HOOK
LINE
(Ken: You'll need to name the play that contains each line.)
SINKER
    $400 11
Austin & Boston

Kirsten
    $400 5
David

Carrie
    $400 16
big

Kirsten
    $400 6
crook

Jay
    $400 21
Romeo and Juliet

Jay
    $400 24
Jack Sparrow

Kirsten
    $800 12
Santa Fe & San Jose

Jay
    $800 4
Bethlehem

Carrie
    $800 17
fair

Kirsten
    $800 7
a sky hook

Jay
    $800 22
The Glass Menagerie

Carrie
    $800 27
(Carrie: What is the Star of the Ocean?)

the Heart of the Ocean

CarrieKirsten
    $3,000 13
North Dakota & Minnesota

Jay
    $1200 1
(Carrie: Uh, what is the Temple of Solomon?)
(Kirsten: What is... what is building the kingdom of heaven?)

building the (second) temple in Jerusalem

CarrieKirsten
Triple Stumper
    $1200 18
wry

Jay
    $1200 8
a parasite

Jay
    $1200 23
Who's Afraid of Virginia Woolf?

Jay
    $1200 28
Cast Away

Carrie
    $1600 14
Asheville & Nashville

Kirsten
    $1600 2
Babylon

Jay
    $1600 19
apt

Carrie
    $1600 9
(Jay: What is a gaffer?)
(Ken: No.)
(Jay: [*]?)
...
(Ken: Sorry, Jay, I had already ruled.)

a gaff

Jay
Triple Stumper
    $1600 25
(Ken: Less than a minute now, Kirsten.)

Six Degrees of Separation

Triple Stumper
    $1600 29
[The end-of-round signal sounds.]
(Ken: Kirsten, that last correct response from you gives you $6,800; you have exactly half of Jay's score.)

Casino Royale

Carrie
    $2000 15
Trenton to Denton

Jay
    $2000 3
Elijah

Triple Stumper
    $4,000 20
(Ken: Carrie?)
(Carrie: What is bashful?)
(Ken: No, I'm sorry, the poem is To His [*] Mistress.)

coy

Carrie
    $2000 10
(Carrie: What is Amsterdam?)

Rotterdam

CarrieJay
    $2000 26
Doubt

Kirsten

Scores at the end of the Double Jeopardy! Round:

Carrie Kirsten Jay
$5,000 $6,800 $13,600
(lock-tie game)

[wagering suggestions for these scores]

Final Jeopardy! Round responses

1970s SINGER-SONGWRITERS
(Ken: [To Carrie] Yes, "Rocky Mountain High", now the state song of Colorado.)
...
(Kirsten: [Prior to her response revealed] You're gonna laugh.)
[Ken chuckles]
(Ken: You said you were at a generational disadvantage on this category and maybe that's true.)
CarrieWho is Bob John Denver
$4,500
KirstenWho is Woody Guthrie?
$6,800
JayWho is John Denver
$0
John Denver

Final scores:

Carrie Kirsten Jay
$9,500 $0 $13,600
2nd place: $2,000 3rd place: $1,000 New champion: $13,600

Game dynamics:

Coryat scores:

Carrie Kirsten Jay
$8,400 $6,800 $11,800
18 R
(including 1 DD),
6 W
(including 1 DD)
14 R,
3 W
14 R
(including 1 DD),
2 W

Combined Coryat: $27,000

[game clues] [game scores] [suggest correction]

Game tape date: 2021-11-09
The J! Archive is created by fans, for fans. Scraping, republication, monetization, and malicious use prohibited; this site may use cookies and collect identifying information. See terms. The Jeopardy! game show and all elements thereof, including but not limited to copyright and trademark thereto, are the property of Jeopardy Productions, Inc. and are protected under law. This website is not affiliated with, sponsored by, or operated by Jeopardy Productions, Inc. Join the discussion at JBoard.tv.